000 00321nam a2200121Ia 4500
008 220204s9999 xx 000 0 und d
082 _a658.15:63
_bBAR
100 _aBarry, Peter J
245 0 _aFinancial management in agriculture
260 _aIllinois
_bInterstate
_c1983
650 _aFinancial management
942 _cBK
999 _c39022
_d39022